|
|
|
|
| LEADER |
01320nam a2200265 a 4500 |
| 001 |
GR-MES3944 |
| 008 |
99111 s19uu gr b 000 0 gre|c |
| 040 |
|
|
|a GrPaTEI
|b gre
|c GR-PaULI
|
| 082 |
|
0 |
|a 338.9
|2 21
|
| 100 |
1 |
|
|a Turner, R. Kerry
|
| 240 |
1 |
0 |
|a Economics of planning.
|l Ελληνικά
|
| 245 |
1 |
2 |
|a Η οικονομική του προγραμματισμού /
|c R. Kerry Turner και Clive Collis ; μετάφραση Γεωργίου Αθ. Προβόπουλου.
|
| 260 |
|
|
|a Αθήναι :
|b Αντ. Ν. Σάκκουλας,
|c [19--].
|
| 300 |
|
|
|a 140 σ. ;
|c 21 εκ.
|
| 490 |
0 |
|
|a Βιβλιοθήκη συγχρόνου οικονομικής σκέψεως ;
|v 10
|
| 500 |
|
|
|a Μετάφραση του: The economics of planning.
|
| 504 |
|
|
|a Βιβλιογραφία: σ. [133]-140.
|
| 650 |
|
4 |
|a Οικονομική πολιτική.
|
| 650 |
|
4 |
|a Συγκριτική οικονομική.
|
| 700 |
1 |
|
|a Collis, Clive.
|
| 700 |
1 |
|
|a Προβόπουλος, Γεώργιος Α.,
|d 1950-
|e μεταφραστής.
|
| 942 |
|
|
|2 ddc
|
| 952 |
|
|
|0 0
|1 0
|2 ddc
|4 0
|6 338_900000000000000_TUR
|7 0
|9 268568
|a MSLG
|b MSLG
|c BSC
|d 2021-01-17
|e 24
|f 0
|g 0.00
|l 0
|o 338.9 TUR
|p 2420000000490
|r 2021-01-17 00:00:00
|t 1
|w 2021-01-17
|y BK15
|x 20080205 0 1
|x GrPaTEI
|
| 971 |
|
|
|a .b25749900
|b 15-04-20
|c 13-09-16
|
| 999 |
|
|
|c 154770
|d 154770
|